| 000 | nam a22 7a 4500 | ||
|---|---|---|---|
| 999 |
_c1408 _d1408 |
||
| 005 | 20170509141302.0 | ||
| 008 | 170509b2003 - ||||| |||| 00| 0 eng d | ||
| 020 |
_a0802141188 _a9780802141187 |
||
| 040 | _aAKMAL | ||
| 082 | _a303.34 BUR | ||
| 090 |
_a303.34 _bBUR |
||
| 100 | 1 |
_aBurns, James MacGregor _92765 |
|
| 245 | 1 | 0 |
_aTransforming leadership : _ba new pursuit of happiness / _cJames MacGregor Burns |
| 260 |
_aLondon : _bAtlantic, _c2003 |
||
| 300 |
_aix, 319 p. ; _c24cm |
||
| 504 | _aIncludes bibliographical references and index. | ||
| 650 | 0 |
_a Leadership _9120 |
|
| 650 | 0 |
_aLeadership |x History _92766 |
|
| 942 |
_2ddc _cBOOK |
||